00425 2200169 4500001002100000008004100021035002000062245003000082100001800112260003100130300002700161020002300188084001400211082000800225650001000233990001200243INLIS000000000001433 Ind  a0010-0924000030 aDeting HaticSelvy Erlina aErlina, Selvy aMalangbRumah Kreasic2013 a250 hlm.c13,5 x 20 cm a978-602-7-517-44-8 a813 SEL d a813 aFiksi a0750934